Normal view
MARC view
Entry Personal Name
001 - CONTROL NUMBER
- control field: 1239155
003 - CONTROL NUMBER IDENTIFIER
- control field: OSt
005 - DATE AND TIME OF LATEST TRANSACTION
- control field: 20260512150532.0
008 - FIXED-LENGTH DATA ELEMENTS
- fixed length control field: 260512|| aca||aabn | a|a d
040 ## - CATALOGING SOURCE
- Original cataloging agency: OSt
- Transcribing agency: OSt
100 ## - HEADING--PERSONAL NAME
- Personal name: Sells, A. Lytton
670 ## - SOURCE DATA FOUND
- Source citation: Work cat.: (OSt)889457: . 557586, The dmemoirs of James-II, 1962.
